<?xml version="1.0" encoding="UTF-8"?>
<record
    xmlns:xsi="http://www.w3.org/2001/XMLSchema-instance"
    xsi:schemaLocation="http://www.loc.gov/MARC21/slim http://www.loc.gov/standards/marcxml/schema/MARC21slim.xsd"
    xmlns="http://www.loc.gov/MARC21/slim">

  <leader>01119nam0a22002771  4500</leader>
  <controlfield tag="001">rc\3650391</controlfield>
  <controlfield tag="005">20250610054917.0</controlfield>
  <datafield tag="021" ind1=" " ind2=" ">
    <subfield code="a">RU</subfield>
    <subfield code="b">&#x420;&#x433;4586-71</subfield>
  </datafield>
  <datafield tag="021" ind1=" " ind2=" ">
    <subfield code="a">RU</subfield>
    <subfield code="b">70-83206</subfield>
  </datafield>
  <datafield tag="035" ind1=" " ind2=" ">
    <subfield code="a">(NLR Aleph) 007733845</subfield>
  </datafield>
  <datafield tag="090" ind1=" " ind2=" ">
    <subfield code="a">7084472</subfield>
    <subfield code="c">7084472</subfield>
  </datafield>
  <datafield tag="100" ind1=" " ind2=" ">
    <subfield code="a">20130115d1970    |||y0rusy50      ca</subfield>
  </datafield>
  <datafield tag="101" ind1="0" ind2=" ">
    <subfield code="a">rus</subfield>
  </datafield>
  <datafield tag="102" ind1=" " ind2=" ">
    <subfield code="a">RU</subfield>
  </datafield>
  <datafield tag="105" ind1=" " ind2=" ">
    <subfield code="a">y   b   |||||</subfield>
  </datafield>
  <datafield tag="200" ind1="1" ind2=" ">
    <subfield code="a">&#x41A;&#x430;&#x442;&#x430;&#x43B;&#x43E;&#x433;</subfield>
    <subfield code="f">[&#x420;&#x435;&#x434;.-&#x441;&#x43E;&#x441;&#x442;.: &#x428;&#x430;&#x442;&#x44D;&#x43D; &#x410;.&#x412;.]</subfield>
    <subfield code="g">&#x426;&#x435;&#x43D;&#x442;&#x440;. &#x434;&#x43E;&#x43C; &#x440;&#x430;&#x431;&#x43E;&#x442;&#x43D;&#x438;&#x43A;&#x43E;&#x432; &#x438;&#x441;&#x43A;&#x443;&#x441;&#x441;&#x442;&#x432;. &#x41C;&#x43E;&#x441;&#x43A;. &#x43E;&#x442;&#x434;-&#x43D;&#x438;&#x435; &#x412;&#x41E;&#x424;. &#x41C;&#x43E;&#x441;&#x43A;. &#x433;&#x43E;&#x440;. &#x434;&#x438;&#x440;&#x435;&#x43A;&#x446;&#x438;&#x44F; "&#x421;&#x43E;&#x44E;&#x437;&#x43F;&#x435;&#x447;&#x430;&#x442;&#x44C;". &#x414;&#x440;&#x443;&#x436;&#x435;&#x441;&#x43A;&#x430;&#x44F; &#x444;&#x438;&#x43B;&#x430;&#x442;&#x435;&#x43B;&#x438;&#x441;&#x442;&#x438;&#x447;&#x435;&#x441;&#x43A;&#x430;&#x44F; &#x432;&#x44B;&#x441;&#x442;&#x430;&#x432;&#x43A;&#x430; "&#x41C;&#x43E;&#x441;&#x43A;&#x432;&#x430; - &#x411;&#x443;&#x445;&#x430;&#x440;&#x435;&#x441;&#x442;" (15-22 &#x43D;&#x43E;&#x44F;&#x431;&#x440;&#x44F; 1970 &#x433;.)</subfield>
  </datafield>
  <datafield tag="210" ind1=" " ind2=" ">
    <subfield code="a">&#x41C;&#x43E;&#x441;&#x43A;&#x432;&#x430;</subfield>
    <subfield code="c">&#x411;. &#x438;.</subfield>
    <subfield code="d">1970</subfield>
  </datafield>
  <datafield tag="215" ind1=" " ind2=" ">
    <subfield code="a">14 &#x441;.</subfield>
    <subfield code="d">20</subfield>
  </datafield>
  <datafield tag="702" ind1=" " ind2="1">
    <subfield code="a">&#x428;&#x430;&#x442;&#x44D;&#x43D;</subfield>
    <subfield code="b">&#x410;.&#x412;.</subfield>
    <subfield code="4">340</subfield>
    <subfield code="4">220</subfield>
  </datafield>
  <datafield tag="710" ind1="1" ind2="2">
    <subfield code="a">"&#x41C;&#x43E;&#x441;&#x43A;&#x432;&#x430; - &#x411;&#x443;&#x445;&#x430;&#x440;&#x435;&#x441;&#x442;", &#x444;&#x438;&#x43B;&#x430;&#x442;&#x435;&#x43B;&#x438;&#x441;&#x442;&#x438;&#x447;&#x435;&#x441;&#x43A;&#x430;&#x44F; &#x432;&#x44B;&#x441;&#x442;&#x430;&#x432;&#x43A;&#x430;</subfield>
    <subfield code="e">&#x41C;&#x43E;&#x441;&#x43A;&#x432;&#x430;</subfield>
    <subfield code="f">1970</subfield>
    <subfield code="9">886460</subfield>
    <subfield code="3">RU\NLR\AUTH\880614609</subfield>
  </datafield>
  <datafield tag="801" ind1=" " ind2="0">
    <subfield code="a">RU</subfield>
    <subfield code="b">NLR</subfield>
    <subfield code="g">psbo</subfield>
  </datafield>
  <datafield tag="801" ind1=" " ind2="1">
    <subfield code="a">RU</subfield>
    <subfield code="b">ELAR</subfield>
    <subfield code="2">rusmarc</subfield>
  </datafield>
  <datafield tag="852" ind1=" " ind2=" ">
    <subfield code="a">NLR</subfield>
    <subfield code="j">71-4/3051</subfield>
  </datafield>
  <datafield tag="942" ind1=" " ind2=" ">
    <subfield code="c">BOOK</subfield>
  </datafield>
  <datafield tag="980" ind1=" " ind2=" ">
    <subfield code="a">NB</subfield>
  </datafield>
  <datafield tag="995" ind1=" " ind2=" ">
    <subfield code="5">2013-10-26</subfield>
    <subfield code="b">NLR01</subfield>
    <subfield code="c">NLR01</subfield>
    <subfield code="e">RF31</subfield>
    <subfield code="f">7733845-10</subfield>
    <subfield code="k">71-4/3051</subfield>
    <subfield code="o">0</subfield>
    <subfield code="r">BOOK</subfield>
    <subfield code="s">7143051_</subfield>
  </datafield>
</record>
